| 000 | 00381pab a2200157 454500 | ||
|---|---|---|---|
| 008 | 180718b2011 xxu||||| |||| 00| 0 eng d | ||
| 100 | _aEllig, Jerry | ||
| 245 | _aHigh-impact decisions: Report card grades regulators | ||
| 260 | _c2011 | ||
| 300 | _ap.60-65. | ||
| 362 | _aFall | ||
| 650 | _aPerformance appraisal | ||
| 773 | _aPublic Manager | ||
| 908 | _aN | ||
| 909 | _a93941 | ||
| 999 |
_c93941 _d93941 |
||